| 000 | 00330nam a22001097a 4500 | ||
|---|---|---|---|
| 008 | 160624b xxu||||| |||| 00| 0 eng d | ||
| 100 |
_9996 _aGleason, H, A |
||
| 245 | _aAn Introduction to descriptive linguistiscs | ||
| 260 |
_aN.D _b Oxford & IBH Pub. _c1961 |
||
| 300 | _aAn Introduction to descriptive linguistiscs | ||
| 942 |
_2ddc _cBK |
||
| 999 |
_c795 _d795 |
||